La princesa de Cléves / (Registro nro. 9233)
[ vista simple ]
| 000 -LIDER | |
|---|---|
| fixed length control field | 00731nam a22002417a 4500 |
| 003 - IDENTIFICACDOR DE NÚMERO DE CONTROL | |
| control field | DO-SdBPM |
| 005 - DATE AND TIME OF LATEST TRANSACTION | |
| control field | 20250212083306.0 |
| 008 - ELEMENTOS DE LONGITUD FIJA | |
| fixed length control field | 160315b1990 sp || 00| 0 spa d |
| 020 ## - ISBN | |
| International Standard Book Number | 8475618979 |
| 040 ## - FUENTE DE CATALOGACIÓN | |
| Agencia que crea de manera original el registro | DO-SdBPM |
| Idioma de catalogación | spa |
| Agencia que realiza la transcripción | BPMSU |
| 082 #4 - NÚMERO DE CLASIFICACIÓN DECIMAL DE DEWEY | |
| Classification number | 843.48 |
| Item number | F284 p |
| Edition number | 22 |
| 092 ## - LOCALLY ASSIGNED DEWEY DECIMAL CALL NUMBER | |
| Número de clasificación | xxxx |
| Número de ítem (Cutter) | xxxx |
| 100 1# - ASIENTO PRINCIPAL -- NOMBRE PERSONAL | |
| Nombre personal | Fayettes, Madame de la |
| Fechas asociadas con el nombre | 1634-1693 |
| 245 10 - MENCIÓN DE TITULO | |
| Título | La princesa de Cléves / |
| Mención de responsabilidad | M. La Fayette. |
| 260 ## - PUBLICACIÓN, DISTRIBUCIÓN, ETC. (PIE DE IMPRENTA) | |
| Lugar de publicación, distribución, etc | Barcelona : |
| Nombre del editor, distribuidor, etc. | Editors, D.L., |
| Fecha de publicación, distribución, etc | 1990. |
| 300 ## - DESCRIPCIÓN FÍSICA | |
| Extensión | 163 p. ; |
| Dimensiones | 18 cm. |
| 490 0# - MENCIÓN DE SERIES | |
| Mención de serie | Grandes escritores universales |
| 590 ## - NOTA LOCAL | |
| Texto de la nota local | Inventariado, 2025/VM |
| 650 #4 - ENCABEZAMIENTO DE MATERIA--TEMÁTICO | |
| Término temático o nombre geográfico como elemento de entrada | Novela francesa |
| 651 #4 - ENCABEZAMIENTO DE MATERIA--NOMBRE GEOGRÁFICO | |
| Nombre geográfico | Francia |
| Subdivisión temática general | Vida social y costumbres |
| Subdivisión de forma | Novela |
| 910 ## - VALIDACIÓN | |
| Validación | VMateo V. Control de calidad.. BPMSU |
| 942 ## - ADDED ENTRY ELEMENTS (KOHA) | |
| Source of classification or shelving scheme | Dewey Decimal Classification |
| Koha item type | Libros |
| Withdrawn status | Lost status | Source of classification or shelving scheme | Damaged status | Not for loan | Collection code | Home library | Current library | Date acquired | Coded location qualifier | Total Checkouts | Barcode | Date last seen | Price effective from | Koha item type | Source of acquisition | Full call number |
|---|---|---|---|---|---|---|---|---|---|---|---|---|---|---|---|---|
| Dewey Decimal Classification | Colección General | Biblioteca Pública Metropolitana Salomé Ureña | Biblioteca Pública Metropolitana Salomé Ureña | 03/15/2016 | Donado por | BPMSU16030106 | 03/15/2016 | 03/15/2016 | Libros | |||||||
| Dewey Decimal Classification | Colección General | Biblioteca Pública Metropolitana Salomé Ureña | Biblioteca Pública Metropolitana Salomé Ureña | 02/12/2025 | BPMSU25020014 | 02/12/2025 | 02/12/2025 | Libros | FUNDI | BPMSU CG 843.48 F284 p |